00993nam a22001577a 4500008004100000020001500041050001500056100002200071245006100093250001200154260004400166300003100210500002000241505054700261650002700808120723t xxu||||| |||| 00| 0 eng d a0321312511 aQA76.7.S43 aSebesta Robert W. aConcepts of programming languages. /cRobert W. Sebesta  a7th ed. aBoston:bPearson Addison Wesley,c2005. axvii, 724 p.:bill.;c26cm aIncludes index. aContents: Preliminaries -- Evolution of the major programming languages -- Describing syntax and semantics -- Lextical and syntax analysis-- Names, bindings, types checking and scopes -- Data types -- Expressions and assignment statements -- Statement- level control structures -- Subprograms -- Implementing subprogramms -- Abstract data types and encapsulation constructs -- Support for object- oriented programming -- Concurrency -- Exception handling and event handling -- Functional programming languages -- Logic programming languages. aProgramming languages.